De rebus cælestibus, or, An ephemeris, for the year of humane redemption by Jesus Christ, 1663 : wherein you have the motions and eclipses of the sun and moon, the two great lights of heaven : with the mutual aspect of the planets and observation thereupon : together with astrological judgements upon the eclipses, and ingress of the sun into the equinctial and solititial points of heaven : as also predictions upon the most famous and remarkable conjunction of Saturn and Jupiter in Sagittary, this year, 1663, calculated for the meridian of London /

Bibliographic Details
Main Author: Andrews, William, ca. 1635-1713
Format: eBook
Language:English
Published: London : Printed by Tho. Ratcliffe for the Company of Stationers, 1663.
Series:Early English books online.
Subjects:
Online Access:Connect to the full text of this electronic book

MARC

Tag First Indicator Second Indicator Subfields
LEADER 00000nam a2200000Ia 4500
001 in00004273321
005 20200810075221.0
006 m g d
007 cr bn |||a|bb|
008 850918s1663 enk o 00| | eng d
035 |a (OCoLC)12571978 
040 |a EAA  |c EAA  |d m/c  |d WaOLN 
037 |a CL0037000031  |b ProQuest Information and Learning. 300 N. Zeeb Rd., Ann Arbor, MI 48106 
043 |a e-uk-en 
045 0 |b d1663 
049 |a UMIA 
100 1 |a Andrews, William,  |d ca. 1635-1713. 
245 1 0 |a De rebus cælestibus, or, An ephemeris, for the year of humane redemption by Jesus Christ, 1663 :  |b wherein you have the motions and eclipses of the sun and moon, the two great lights of heaven : with the mutual aspect of the planets and observation thereupon : together with astrological judgements upon the eclipses, and ingress of the sun into the equinctial and solititial points of heaven : as also predictions upon the most famous and remarkable conjunction of Saturn and Jupiter in Sagittary, this year, 1663, calculated for the meridian of London /  |c by William Andrews ... 
260 |a London :  |b Printed by Tho. Ratcliffe for the Company of Stationers,  |c 1663. 
300 |a 1 online resource ([48] pages) 
336 |a text  |b txt  |2 rdacontent 
337 |a computer  |b c  |2 rdamedia 
338 |a online resource  |b cr  |2 rdacarrier 
500 |a Reproduction of original in Bodleian Library. 
510 4 |a Wing  |c A1259 
533 |a Electronic reproduction.  |b Ann Arbor, Mich. :  |c UMI,  |d 1999-  |f (Early English books online)  |n Digital version of: (Early English books, 1641-1700 ; 953:8)  |7 s1999 miun s 
650 0 |a Almanacs, English. 
650 0 |a Astrology  |v Early works to 1800. 
650 0 |a Ephemerides. 
740 0 |a De rebus cælestibus. 
740 0 |a Ephemeris for the year of humane redemption by Jesus Christ, 1663. 
830 0 |a Early English books online. 
856 4 0 |u http://proxy.library.tamu.edu/login?url=https://search.proquest.com/docview/2240960388  |z Connect to the full text of this electronic book  |t 0 
999 f f |s b928c21a-f64d-3690-83d8-2a4fc79bbc6e  |i 4779fc6c-6e16-3c1c-b35f-afa00433a1b3  |t 0 
952 f f |a Texas A&M University  |b College Station  |c Electronic Resources  |d Available Online  |t 0  |h No information provided 
998 f f |t 0  |l Available Online